Normal view
MARC view
- K. Muralidhar
Entry Personal Name
001 - CONTROL NUMBER
- control field: 127002
003 - CONTROL NUMBER IDENTIFIER
- control field: NUST
005 - DATE AND TIME OF LATEST TRANSACTION
- control field: 20241204143454.0
008 - FIXED-LENGTH DATA ELEMENTS
- fixed length control field: 241204|| aca||aabn | a|a d
040 ## - CATALOGING SOURCE
- Original cataloging agency: NUST
- Transcribing agency: NUST
100 ## - HEADING--PERSONAL NAME
- Personal name: K. Muralidhar
670 ## - SOURCE DATA FOUND
- Source citation: Work cat.: (NUST): K. Muralidhar, Computational fluid flow and heat transfer, 1995.
